000 01098nam a2200277Ia 4500
003 OSt
005 20221005104935.0
006 a|||||r|||| 00| 0
007 ta
008 221004b |||||||| |||| 00| 0 hin d
020 _a8185999244 (hbk)
_cIndian Rupees 895
024 _a41123
037 _bGift, 10/01/2019,
_cTextual
040 _aCRL
_cCRL
_bhin
041 _2hin
_ahin
082 _aO152,6M83x, P7
100 _aशर्मा, विष्णुचन्द्र, संपा.
245 0 _aआचार्य रामचन्द्र शुक्ल की विचार - वीथी
246 _aĀchārya rāmachandra shukla kī vichār - vīthī
260 _aदिल्ली
_bस्वराज प्रकाशन भारत
_c2007
300 _a496पृ0
_ccm.
650 _a हिन्दी साहित्य
650 _aहिन्दी निबंध
942 _hO152,6M83x, P7
_cTEXL
_2cc
999 _c1014259
_d1014259